|
|
|
|
| LEADER |
00623nam a2200181 a 4500 |
| 005 |
20160323130502.0 |
| 008 |
930113s1991 enka b 001 0 eng |
| 082 |
0 |
0 |
|a 620/.43
|b LOW
|
| 100 |
1 |
|
|a Lowell, S.
|9 9593
|
| 245 |
1 |
0 |
|a Powder surface area and porosity /
|c S. Lowell, Joan E. Shields.
|
| 250 |
|
|
|a 3rd ed.
|
| 300 |
|
|
|a xii, 250 p. :
|b ill. ;
|c 24 cm.
|
| 700 |
1 |
|
|a Shields, Joan E.
|9 9592
|
| 942 |
|
|
|c BK
|6 _
|
| 260 |
|
|
|a London ;
|a New York :
|b Chapman & Hall,
|c 1991.
|
| 020 |
|
|
|a 0412396904
|
| 999 |
|
|
|c 158754
|d 158754
|
| 952 |
|
|
|0 0
|1 0
|2 ddc
|4 0
|6 62043_LOW
|7 0
|9 207728
|a DAC
|b DAC
|d 2010-08-10
|o 620/.43 LOW
|p CHE2726
|r 2010-08-10
|w 2010-08-10
|y BK
|